000 00717nam a2200253Ia 4500
003 OSt
005 20220918164340.0
006 a|||||r|||| 00| 0
007 ta
008 220917b |||||||| |||| 00| 0 eng d
020 _a0521620163 (hbk)
024 _a44,787
037 _cTextual
040 _aARTS
_cARTS
_beng
041 _2eng
_aeng
082 _aNT56,M(Y15), N8
100 _aMarshall Gail Ed.
_918468
245 0 _aActresses on the victorian stage
_b feminie performance and the Galetea Myth
260 _aCambridge
_bCUP
_c1998
300 _axiv,233p.
_ccm.
650 _aTHEATRE; ARTS
942 _hNT56,M(Y15), N8
_cTEXL
_2CC
999 _c124377
_d124377